[Event "Stay Safe Play From Home 237"]
[Site "Emanuel Lasker Arena"]
[Date "2020.06.18"]
[Round "9"]
[White "Dukic"]
[Black "Mepe_Nika"]
[Result "0-1"]
[WhiteElo "1853"]
[BlackElo "2378"]
[Annotator "TA"]
[PlyCount "62"]
[EventDate "2020.06.18"]
[EventType "swiss (blitz)"]

{[%evp 17,62,14,15,0,0,2,8,6,8,-18,0,-29,-6,-14,-16,-27,-12,-118,-112,-289,-283,-257,-279,-285,-285,-289,-288,-284,-257,-316,-308,-312,-278,-329,-330,-377,-381,-414,-408,-391,-403,-596,-566,-557,-555,-543,-377]} 1. c4 c6 2. Nc3 d5 3. cxd5 cxd5 4. d4 Nf6 5. Nf3 Nc6 6. Bf4 a6 7. e3 Bg4 8. Be2 e6 9. O-O Bd6 10. Bg5 {D13: Slav Defence: Exchange variation without ...Bf5.} h6 11. Bh4 O-O 12. Rc1 {The position is equal.} Rc8 {[#]} 13. Qb3 $146 ({Predecessor:} 13. Na4 Rc7 14. Nc5 Nb8 15. a3 Qe7 16. b4 Rfc8 17. Ne5 Bxe2 18. Qxe2 b6 19. Ng4 {1-0 (31) Vogel,R (2456)-Schneider,I (2479) Playchess.com INT 2020}) 13... b5 14. a4 Na5 15. Qd1 b4 $36 {[%mdl 2048] Black is pushing.} 16. Nb1 Qb6 17. Nbd2 (17. Bxf6 $11 {remains equal.} gxf6 18. Rxc8 Rxc8 19. Ne1) 17... Ne4 $17 18. Nb3 $2 {[#]} (18. Rxc8 $17 Rxc8 19. Nxe4 dxe4 20. Ne5 Bxe2 21. Qxe2) 18... Nxb3 $1 $19 19. Qxb3 Bxf3 20. gxf3 Nd2 $1 {[%csl LRb3,LRf1][%mdl 64] Double Attack} 21. Qd3 Nxf1 22. Rxf1 a5 23. f4 Qc6 24. f5 Qc2 25. fxe6 fxe6 26. Qa6 Rc6 27. Qb5 {With the idea Bd3.} Rfc8 28. Bd3 Qxb2 29. Qxa5 (29. Bg6 $142) 29... Qc3 {Black is clearly winning.} 30. Bg6 b3 {[%cal Bb4b3,Bb3b2][%mdl 32]} 31. Qb5 b2 {Black took control after the opening. Accuracy: White = 47%, Black = 96%.} 0-1

[Event "Stay Safe Play From Home 237"]
[Site "Emanuel Lasker Arena"]
[Date "2020.06.18"]
[Round "9"]
[White "Haris kollari 13"]
[Black "Timbre"]
[Result "1-0"]
[WhiteElo "1824"]
[BlackElo "1621"]
[Annotator "NA RC"]
[PlyCount "103"]
[EventDate "2020.06.18"]
[EventType "swiss (blitz)"]

1. e4 {[%emt 0:00:01]} c6 {[%emt 0:00:02]} 2. f4 {[%emt 0:00:01]} d5 {[%emt 0:00:01]} 3. e5 {[%emt 0:00:00]} Bf5 {[%emt 0:00:01]} 4. d4 {[%emt 0:00:01]} e6 {[%emt 0:00:01]} 5. Bd3 {[%emt 0:00:01]} Bxd3 {[%emt 0:00:02]} 6. Qxd3 {[%emt 0:00:01]} Ne7 {[%emt 0:00:01]} 7. c3 {[%emt 0:00:03]} g6 {[%emt 0:00:01]} 8. Be3 {[%emt 0:00:01]} Bg7 {[%emt 0:00:01]} 9. Nf3 {[%emt 0:00:01]} Nd7 {[%emt 0:00:02]} 10. Nbd2 {[%emt 0:00:01]} Nf5 {[%emt 0:00:02]} 11. Bf2 {[%emt 0:00:01]} Qc7 {[%emt 0:00:03]} 12. O-O {[%emt 0:00:02]} c5 {[%emt 0:00:02]} 13. g4 {[%emt 0:00:05]} Ne7 {[%emt 0:00:06]} 14. h4 {[%emt 0:00:02]} h5 {[%emt 0:00:03]} 15. g5 {[%emt 0:00:04]} Nf5 {[%emt 0:00:04]} 16. Kg2 {[%emt 0:00:01]} O-O {[%emt 0:00:04]} 17. Rac1 {[%emt 0:00:01]} c4 {[%emt 0:00:02]} 18. Qe2 {[%emt 0:00:04]} b5 {[%emt 0:00:02]} 19. a3 {[%emt 0:00:01]} a5 {[%emt 0:00:02]} 20. b3 {[%emt 0:00:01]} Qb7 {[%emt 0:00:03]} 21. b4 {[%emt 0:00:02]} axb4 {[%emt 0:00:02]} 22. axb4 {[%emt 0:00:01]} Ra3 {[%emt 0:00:04]} 23. Rc2 {[%emt 0:00:04]} Rfa8 {[%emt 0:00:02]} 24. Rd1 {[%emt 0:00:01]} Qa6 {[%emt 0:00:08]} 25. Rdc1 {[%emt 0:00:02]} Ra2 {[%emt 0:00:02]} 26. Nf1 {[%emt 0:00:03]} Rxc2 {[%emt 0:00:02]} 27. Rxc2 {[%emt 0:00:01]} Qa4 {[%emt 0:00:08]} 28. Ng3 {[%emt 0:00:03]} Nxg3 {[%emt 0:00:03]} 29. Kxg3 {[%emt 0:00:01]} Qb3 {[%emt 0:00:01]} 30. Be1 {[%emt 0:00:02]} Nb6 {[%emt 0:00:05]} 31. Rb2 {[%emt 0:00:02]} Qa3 {[%emt 0:00:05]} 32. Qc2 {[%emt 0:00:02]} Qa7 {[%emt 0:00:07]} 33. Kh3 {[%emt 0:00:08]} Na4 {[%emt 0:00:01]} 34. Ra2 {[%emt 0:00:02]} Qb7 {[%emt 0:00:01]} 35. Nh2 {[%emt 0:00:02]} Ra6 {[%emt 0:00:06]} 36. Nf1 {[%emt 0:00:02]} Qa7 {[%emt 0:00:02]} 37. Ng3 {[%emt 0:00:02]} Nb6 {[%emt 0:00:02]} 38. Rb2 {[%emt 0:00:08]} Ra1 {[%emt 0:00:05]} 39. Rb1 {[%emt 0:00:03]} Rxb1 {[%emt 0:00:02]} 40. Qxb1 {[%emt 0:00:01]} Qa3 {[%emt 0:00:05]} 41. Bd2 {[%emt 0:00:04]} Na4 {[%emt 0:00:02]} 42. Qc2 {[%emt 0:00:01]} Qa1 {[%emt 0:00:04]} 43. Kg2 {[%emt 0:00:05]} Kh7 {[%emt 0:00:06]} 44. Nf1 {[%emt 0:00:02]} Bf8 {[%emt 0:00:08]} 45. Ng3 {[%emt 0:00:01]} Bg7 {[%emt 0:00:02]} 46. Nxh5 {[%emt 0:00:01]} Kg8 {[%emt 0:00:06]} 47. Ng3 {[%emt 0:00:01]} Kh7 {[%emt 0:00:02]} 48. h5 {[%emt 0:00:01]} Kg8 {[%emt 0:00:02]} 49. hxg6 {[%emt 0:00:01]} fxg6 {[%emt 0:00:01]} 50. Qxg6 {[%emt 0:00:01]} Nxc3 {[%emt 0:00:07]} 51. Qxe6+ {[%emt 0:00:01]} Kf8 {[%emt 0:00:04]} 52. g6 {[%emt 0:00:13] Timbre resigns (Lag: Av=0.52s, max=0.7s)} 1-0

[Event "Stay Safe Play From Home 237"]
[Site "Emanuel Lasker Arena"]
[Date "2020.06.18"]
[Round "9"]
[White "Buzaglo"]
[Black "Tunca"]
[Result "1-0"]
[WhiteElo "1782"]
[BlackElo "1632"]
[Annotator "NA RC"]
[PlyCount "77"]
[EventDate "2020.06.18"]
[EventType "swiss (blitz)"]

1. d4 {[%emt 0:00:02]} d6 {[%emt 0:00:21]} 2. Nf3 {[%emt 0:00:05]} c5 {[%emt 0:00:05]} 3. g3 {[%emt 0:00:01]} Nc6 {[%emt 0:00:03]} 4. Bg2 {[%emt 0:00:02]} g6 {[%emt 0:00:01]} 5. O-O {[%emt 0:00:02]} Qb6 {[%emt 0:00:11]} 6. d5 {[%emt 0:00:00]} Nb8 {[%emt 0:00:04]} 7. a4 {[%emt 0:00:02]} Bg7 {[%emt 0:00:01]} 8. a5 {[%emt 0:00:01]} Qd8 {[%emt 0:00:01]} 9. e4 {[%emt 0:00:02]} Nf6 {[%emt 0:00:01]} 10. Re1 {[%emt 0:00:02]} Nbd7 {[%emt 0:00:01]} 11. c4 {[%emt 0:00:01]} O-O {[%emt 0:00:03]} 12. Nc3 {[%emt 0:00:01]} Ng4 {[%emt 0:00:02]} 13. h3 {[%emt 0:00:04]} Nge5 {[%emt 0:00:01]} 14. Qe2 {[%emt 0:00:08]} Nxf3+ {[%emt 0:00:23]} 15. Bxf3 {[%emt 0:00:00]} Ne5 {[%emt 0:00:01]} 16. Bg2 {[%emt 0:00:01]} Re8 {[%emt 0:00:31]} 17. f4 {[%emt 0:00:03]} Nd7 {[%emt 0:00:01]} 18. Kh2 {[%emt 0:00:19]} Bf6 {[%emt 0:00:32]} 19. Bd2 {[%emt 0:00:12]} Bg7 {[%emt 0:00:02]} 20. Qf3 {[%emt 0:00:10]} a6 {[%emt 0:00:02]} 21. Rab1 {[%emt 0:00:07]} Qxa5 {[%emt 0:00:03]} 22. Qd3 {[%emt 0:00:05]} Qc7 {[%emt 0:00:04]} 23. Ne2 {[%emt 0:00:04]} Rb8 {[%emt 0:00:02]} 24. f5 {[%emt 0:00:04]} b5 {[%emt 0:00:01]} 25. cxb5 {[%emt 0:00:05]} axb5 {[%emt 0:00:01]} 26. b3 {[%emt 0:00:07]} Ne5 {[%emt 0:00:02]} 27. Qe3 {[%emt 0:00:06]} c4 {[%emt 0:00:10]} 28. Bb4 {[%emt 0:00:20]} Ra8 {[%emt 0:00:01]} 29. Rec1 {[%emt 0:00:06]} Bd7 {[%emt 0:00:01]} 30. Nd4 {[%emt 0:00:03]} Qb7 {[%emt 0:00:01]} 31. g4 {[%emt 0:00:06]} Reb8 {[%emt 0:00:02]} 32. h4 {[%emt 0:00:06]} Ra2 {[%emt 0:00:01]} 33. Rc2 {[%emt 0:00:04]} cxb3 {[%emt 0:00:02]} 34. Rcb2 {[%emt 0:00:02]} Rxb2 {[%emt 0:00:01]} 35. Rxb2 {[%emt 0:00:01]} Nc4 {[%emt 0:00:00]} 36. Qd2 {[%emt 0:00:03]} Nxb2 {[%emt 0:00:00]} 37. Qxb2 {[%emt 0:00:00]} Qb6 {[%emt 0:00:01]} 38. Bc3 {[%emt 0:00:03]} Rc8 {[%emt 0:00:01]} 39. Ne2 {[%emt 0:00:05] Time (Lag: Av=0.62s, max=1.7s)} 1-0